00592nam a22001817a 450000500170000001000150001702000260003203500140005803700130007208200080008524500800009325000120017326000410018527000790022630000360030550000510034170000180039220181003112841.0 aENG-124154 a9789386446947c425.00 aEN-107686 bDBAD/PUB00a32710aInternational politics:ced. by Rumki Basubconcepts, theories and issues / a2nd ed. aNew Delhi bSAGE Publications,c2018 aB1/I-1 Mohan Cooperative Industrial Area, Mathura RoadbNew Delhi e110044 axl,392p.(I-6)c25cm.(pbk)bill. aIt includes Afterword by Rumki Basu and index aBasu, Rumki